The journal of the House of Burgesses.

Bibliographic Details
Corporate Author: Virginia. General Assembly. House of Burgesses
Format: eBook
Language:English
Series:Early American imprints. Evans (1639-1800) ; no. 9295.
Online Access:Evans Digital Edition

MARC

Tag First Indicator Second Indicator Subfields
LEADER 00000cam a22000001a 4500
001 in00002146366
006 m e d #
007 cr mn mmmmabba
008 870910s1762 vau s s000 0 eng d
005 20260330191307.3
035 |z w023609 
035 |a MAAR8709101313B 
035 |9 mwa91-15674 
035 |a 330488 
035 |a aas03023609 
040 |a MWA  |c MWA  |e bdrb  |d UtOrBLW 
110 1 |a Virginia.  |b General Assembly.  |b House of Burgesses. 
245 1 4 |a The journal of the House of Burgesses. 
264 3 |a [Williamsburg, Va.] :  |b [Printed by Joseph Royle],  |c [1762] 
300 |a pages 3-116 [i.e., 3-118] ;  |c (folio) 
336 |a text  |b txt  |2 rdacontent 
337 |a computer  |b c  |2 rdamedia 
338 |a online resource  |b cr  |2 rdacarrier 
500 |a Journal from Nov. 2 to Dec. 23, 1762. 
500 |a Caption title. 
500 |a Imprint supplied by Evans. 
500 |a Error in paging: page numbers 33, 34 repeated. 
510 4 |a Evans  |c 9295 
530 |a Microform version available in the Readex Early American Imprints series. 
533 |a Electronic text and image data.  |b [Chester, Vt. :  |c Readex, a division of Newsbank, Inc.,  |d 2002-2004.  |e Includes files in TIFF, GIF and PDF formats with inclusion of keyword searchable text.  |f (Early American imprints. First series ; no. 9295). 
500 |a Electronic resource. 
752 |a United States  |b Virginia  |d Williamsburg. 
830 0 |a Early American imprints.  |n Series I,  |p Evans (1639-1800) ;  |v no. 9295. 
856 4 1 |u http://proxy.library.tamu.edu/login?url=https://opac.newsbank.com/select/evans/9295  |y Evans Digital Edition  |t 0 
999 |a MARS 
999 f f |s 23c77a14-f590-351c-a6b4-5582604514a5  |i 0e44a409-c725-3dda-b510-1342f7687f20  |t 0 
952 f f |a Texas A&M University  |b College Station  |c Electronic Resources  |s www_evans  |d Available Online  |t 0  |h No information provided 
998 f f |t 0  |l Available Online